<?xml version="1.0" encoding="UTF-8"?>
<record
    xmlns:xsi="http://www.w3.org/2001/XMLSchema-instance"
    xsi:schemaLocation="http://www.loc.gov/MARC21/slim http://www.loc.gov/standards/marcxml/schema/MARC21slim.xsd"
    xmlns="http://www.loc.gov/MARC21/slim">

  <leader>00737nam a2200169Ia 4500</leader>
  <controlfield tag="008">100122s9999    xx            000 0 und d</controlfield>
  <datafield tag="082" ind1=" " ind2=" ">
    <subfield code="b">56295</subfield>
    <subfield code="a">823</subfield>
  </datafield>
  <datafield tag="100" ind1=" " ind2=" ">
    <subfield code="a">&#x906;&#x930;&#x94D;&#x91A;&#x930; &#x91C;&#x947;&#x92B;&#x94D;&#x930;&#x940;</subfield>
  </datafield>
  <datafield tag="245" ind1=" " ind2=" ">
    <subfield code="a">&#x928;&#x949;&#x91F; &#x905; &#x92A;&#x947;&#x928;&#x940; &#x92E;&#x94B;&#x905;&#x930; &#x928;&#x949;&#x91F; &#x905; &#x92A;&#x947;&#x928;&#x940; &#x932;&#x947;&#x938; (&#x915;.&#x915;&#x94D;&#x930;.1/2 ) (r.c.)</subfield>
  </datafield>
  <datafield tag="250" ind1=" " ind2=" ">
    <subfield code="a">0</subfield>
  </datafield>
  <datafield tag="260" ind1=" " ind2=" ">
    <subfield code="b">&#x92E;&#x947;&#x939;&#x924;&#x93E; &#x92A;&#x92C;&#x94D;&#x932;&#x93F;&#x915;&#x947;&#x936;&#x928; &#x939;&#x93E;&#x90A;&#x938;</subfield>
    <subfield code="c">1999</subfield>
  </datafield>
  <datafield tag="300" ind1=" " ind2=" ">
    <subfield code="a">203</subfield>
  </datafield>
  <datafield tag="630" ind1=" " ind2=" ">
    <subfield code="a">&#x928;&#x949;&#x91F; &#x905; &#x92A;&#x947;&#x928;&#x940; &#x92E;&#x94B;&#x905;&#x930; &#x928;&#x949;&#x91F; &#x905; &#x92A;&#x947;&#x928;&#x940; &#x932;&#x947;&#x938; (&#x915;.&#x915;&#x94D;&#x930;.1/2 ) (r.c.)</subfield>
  </datafield>
  <datafield tag="700" ind1=" " ind2=" ">
    <subfield code="a">&#x928;&#x930;&#x935;&#x923;&#x947; &#x905;&#x902;&#x91C;&#x928;&#x940;</subfield>
  </datafield>
  <datafield tag="730" ind1=" " ind2=" ">
    <subfield code="a">&#x928;&#x949;&#x91F; &#x905; &#x92A;&#x947;&#x928;&#x940; &#x92E;&#x94B;&#x905;&#x930; &#x928;&#x949;&#x91F; &#x905; &#x92A;&#x947;&#x928;&#x940; &#x932;&#x947;&#x938; (&#x915;.&#x915;&#x94D;&#x930;.1/2 ) (r.c.)</subfield>
  </datafield>
  <datafield tag="942" ind1=" " ind2=" ">
    <subfield code="c">BOOK</subfield>
  </datafield>
  <datafield tag="999" ind1=" " ind2=" ">
    <subfield code="c">432754</subfield>
    <subfield code="d">432751</subfield>
  </datafield>
  <datafield tag="952" ind1=" " ind2=" ">
    <subfield code="0">0</subfield>
    <subfield code="1">0</subfield>
    <subfield code="4">0</subfield>
    <subfield code="7">0</subfield>
    <subfield code="a">SVPPARLE</subfield>
    <subfield code="b">SVPPARLE</subfield>
    <subfield code="d">1999-06-30</subfield>
    <subfield code="g">120.00</subfield>
    <subfield code="l">0</subfield>
    <subfield code="o">56295</subfield>
    <subfield code="p">SVPPARLE-56295</subfield>
    <subfield code="r">2010-01-25 00:00:00</subfield>
    <subfield code="v">120.00</subfield>
    <subfield code="w">2010-01-25</subfield>
    <subfield code="y">BOOK</subfield>
    <subfield code="z">&#x92C;&#x926;&#x932;&#x940;&#x91A;&#x940; &#x92A;&#x94D;&#x930;&#x924; Translated NA</subfield>
  </datafield>
</record>
